The district gazetteer of Jharkhand (Record no. 492010)

000 -LEADER
fixed length control field 00335cam a22001217a 4500
008 - FIXED-LENGTH DATA ELEMENTS--GENERAL INFORMATION
fixed length control field 180718b2002 xxu||||| |||| 00| 0 eng d
082 ## - DEWEY DECIMAL CLASSIFICATION NUMBER
Classification number A75 J559
245 ## - TITLE STATEMENT
Title The district gazetteer of Jharkhand
Statement of responsibility, etc. edited by S.C. Bhatt
260 ## - PUBLICATION, DISTRIBUTION, ETC.
Place of publication, distribution, etc. New Delhi
Name of publisher, distributor, etc. Gyan
Date of publication, distribution, etc. 2002
300 ## - PHYSICAL DESCRIPTION
Extent 354p.
650 ## - SUBJECT ADDED ENTRY--TOPICAL TERM
Topical term or geographic name entry element Jharkhand - Gazetteers
700 ## - ADDED ENTRY--PERSONAL NAME
Personal name Bhatt, S.C.
Holdings
Withdrawn status Lost status Damaged status Not for loan Permanent Location Current Location Date acquired Full call number Barcode Date last seen Price effective from Koha item type
        Indian Institute of Public Administration Indian Institute of Public Administration 2018-08-04 A75 J559 G20065 2018-08-04 2018-08-04 G

Powered by Koha